| 000 | 00776nam a22002177a 4500 | ||
|---|---|---|---|
| 999 |
_c352 _d352 |
||
| 003 | AR-CdUCM | ||
| 008 | 190223b ||||| |||| 00| 0 spa d | ||
| 040 |
_aMUNICIPALIDAD PROVINCIAL DEL CUSCO _cBIBLIOTECA MUNICIPAL DEL CUSCO |
||
| 082 |
_a869.569 / _bG66 |
||
| 100 |
_aGonzales Vigil, Ricardo _91435 |
||
| 245 |
_aAntologia didactica / _cGonzales Vigil, Ricardo |
||
| 260 |
_aLima : _bBanco central de reserva del Perú, _c1986. |
||
| 300 |
_a123 paginas ; _c25cm. |
||
| 505 | _aTrayectoria vital y creadora -- poesía -- narración -- teatro -- Ensayos y articulos | ||
| 650 |
_aLa modernidad _91436 |
||
| 650 |
_aHeraldos negros _91437 |
||
| 650 |
_aPaco yunque _91438 |
||
| 650 |
_aDe el arte y la revolución _91439 |
||
| 942 |
_2ddc _cLIBROS |
||
| 945 |
_apjha _d2019-02-23 |
||